Alle Länder Nordamerikas (mit Karte) - Statistiken

Allgemein
  • Dieses Quiz wurde 447 mal gespielt
  • Das Durchschnittsergebnis liegt bei 18 aus 23
Antworten auf der Karte
Die Antworten werden auf der Karte rot bzw. grün angezeigt, abhängig davon wie oft sie richtig erraten wurden.
 
Antwortstatistiken
Antwort % Korrekt
Kanada
99%
Mexiko
99%
USA
99%
Kuba
90%
Panama
88%
Costa Rica
86%
Jamaika
86%
Bahamas
83%
Haiti
82%
Dominikanische Republik
81%
Guatemala
80%
El Salvador
78%
Honduras
78%
Belize
75%
St. Lucia
72%
Nicaragua
71%
Dominica
66%
St.Vincent und die Grenadinen
65%
Barbados
64%
St. Kitts und Nevis
62%
Trinidad und Tobago
62%
Antigua und Barbuda
59%
Grenada
53%
Keine übereinstimmenden Quizze gefunden
Verteilung der Resultate
Anzahl Personen mit jedem Resultat
Perzentil nach korrekt beantworteten Fragen
Ihre Resultats-Entwicklung
Sie haben dieses Quiz noch nicht gespielt